[Event "EU-ch U14 Girls"]
[Site "Herceg Novi"]
[Date "2006.09.13"]
[EventDate "?"]
[Round "4"]
[Result "1-0"]
[White "Nazi Paikidze"]
[Black "Varvara Saulina"]
[WhiteElo "2141"]
[BlackElo "2152"]
[PlyCount "155"]

1. d4 Nf6 2. c4 e6 3. Nc3 Bb4 4. e3 c5 5. Bd3 Nc6 6. Nge2 d5
7. cxd5 Nxd5 8. O-O cxd4 9. exd4 O-O 10. Nxd5 Qxd5 11. a3 Be7
12. Qc2 g6 13. Rd1 Bf6 14. Be4 Qd8 15. Bh6 Re8 16. Be3 Ne7
17. Rac1 Nd5 18. Nf4 Qd6 19. Qc5 Qxc5 20. Rxc5 Nxe3 21. fxe3
Rb8 22. Rdc1 Kg7 23. Nd3 Be7 24. R5c3 Bd6 25. Bf3 Bd7 26. Nc5
Bxc5 27. dxc5 e5 28. Rd1 Re7 29. b4 f5 30. Be2 a6 31. Rd6 Bc6
32. Bxa6 f4 33. Be2 Rf7 34. exf4 Rxf4 35. b5 Be4 36. Rd7+ Kg8
37. g3 Rf6 38. Re3 Bf5 39. Rd5 Rbf8 40. Rf3 e4 41. Rf1 h5
42. h4 Ra8 43. Ra1 Ra4 44. Bd1 Ra8 45. Bb3 Kg7 46. Re5 Rd8
47. Rd1 Rxd1+ 48. Bxd1 Kf8 49. Bc2 Bd7 50. a4 Rf3 51. Kg2 Re3
52. Kf2 Rf3+ 53. Kg2 Re3 54. Rxe4 Rc3 55. Rf4+ Kg7 56. Be4
Rxc5 57. Bxb7 Rc2+ 58. Kg1 Rc1+ 59. Kf2 Rc2+ 60. Ke1 Rc3
61. Rf3 Rc7 62. Bd5 Bg4 63. Rd3 Re7+ 64. Kd2 Bf5 65. Rd4 Kf6
66. Bc6 Ke5 67. Rd5+ Ke6 68. Rd8 Rc7 69. a5 Ke7 70. Rd4 Bc8
71. Rc4 Kd6 72. Kc3 Ra7 73. Rd4+ Ke7 74. Kb4 Rc7 75. Kc5 Kf6
76. b6 Re7 77. Rf4+ Kg7 78. Kd6 1-0

[Event "Moscow Ch SF open"]
[Site "Moscow"]
[Date "2007.??.??"]
[EventDate "?"]
[Round "3"]
[Result "1/2-1/2"]
[White "Nazi Paikidze"]
[Black "Yuri Shabanov"]
[WhiteElo "2167"]
[BlackElo "2422"]
[PlyCount "38"]

1. d4 d5 2. c4 c6 3. Nf3 Nf6 4. e3 e6 5. Bd3 Nbd7 6. Nbd2 Bd6
7. O-O O-O 8. e4 e5 9. cxd5 cxd5 10. Re1 Re8 11. exd5 exd4
12. Ne4 Nxe4 13. Bxe4 Nf6 14. Qxd4 Qb6 15. Qd3 Bd7 16. Be3 Qb5
17. Qxb5 Bxb5 18. Bc2 Nxd5 19. Bd2 Nf6 1/2-1/2

[Event "Girls 16-wycc2008"]
[Site "Vung Tau city"]
[Date "2008.10.20"]
[EventDate "2008.10.20"]
[Round "1.1"]
[Result "1/2-1/2"]
[White "Wei Yi Victoria Chan"]
[Black "Nazi Paikidze"]
[WhiteElo "1902"]
[BlackElo "2292"]
[PlyCount "62"]

1. d4 Nf6 2. c4 e6 3. Nc3 Bb4 4. Qc2 d5 5. a3 Bxc3+ 6. Qxc3
Ne4 7. Qc2 c5 8. dxc5 Nc6 9. Rb1 Nxc5 10. b4 Ne4 11. Bb2 O-O
12. e3 f5 13. Nf3 a5 14. b5 Ne7 15. c5 Bd7 16. Bd3 Rc8 17. Bd4
Ng6 18. Bxe4 fxe4 19. Ne5 Nxe5 20. Bxe5 Qe7 21. c6 Qg5 22. Bg3
bxc6 23. b6 e5 24. Qc3 Rfe8 25. Qxa5 Ra8 26. Qc5 Qe7 27. Qxe7
Rxe7 28. O-O Bc8 29. Bh4 Rd7 30. Bg3 Re7 31. Bh4 Rd7 1/2-1/2

[Event "Girls 16-wycc2008"]
[Site "Vung Tau city"]
[Date "2008.10.22"]
[EventDate "2008.10.20"]
[Round "3.7"]
[Result "1/2-1/2"]
[White "Hoang Tran Chau Le"]
[Black "Nazi Paikidze"]
[WhiteElo "2041"]
[BlackElo "2292"]
[PlyCount "138"]

1. d4 d5 2. Nf3 Nf6 3. c4 c6 4. Nc3 e6 5. cxd5 cxd5 6. Bg5 Be7
7. e3 Qb6 8. Qc2 Nc6 9. a3 h6 10. Bxf6 Bxf6 11. Bd3 O-O
12. O-O Rd8 13. Na4 Qc7 14. Bb5 Bd7 15. b4 Rac8 16. Rac1 Qb8
17. Qe2 a6 18. Bxc6 Bxc6 19. Nc3 e5 20. Rfd1 exd4 21. Nxd4 Qe5
22. b5 axb5 23. Ncxb5 Bd7 24. h3 Qg5 25. Nf3 Qg6 26. Kh2 Rxc1
27. Rxc1 Bf5 28. Nbd4 Be4 29. g3 Ra8 30. Qb2 Rb8 31. Qb6 Bxf3
32. Nxf3 Qd3 33. Qc7 Re8 34. Qxb7 Rxe3 35. Qc8+ Kh7 36. Ne1
Qe2 37. Qf5+ Kg8 38. Rc2 Re5 39. Rxe2 Rxf5 40. Nd3 d4 41. Kg2
Rb5 42. Rb2 Ra5 43. Rb3 Be7 44. Nb4 Bc5 45. Kf3 f5 46. Ke2 Kf7
47. Kd3 Ke6 48. Kc4 d3 49. Nxd3 Bxa3 50. Nf4+ Kf7 51. Rb7+ Kg8
52. Ne6 g5 53. Kd4 Bd6 54. Rg7+ Kh8 55. Rd7 Ba3 56. Rd5 Rxd5+
57. Kxd5 Kh7 58. Ke5 Kg6 59. Nd4 Bb2 60. Kd5 Kf6 61. Ne2 Ba3
62. g4 Bb4 63. Ng3 fxg4 64. hxg4 Be1 65. Nh5+ Kg6 66. f3 Bc3
67. Ke6 Bd2 68. Ng3 Bb4 69. Ne4 Ba3 1/2-1/2

[Event "Girls 16-wycc2008"]
[Site "Vung Tau city"]
[Date "2008.10.22"]
[EventDate "2008.10.20"]
[Round "4.6"]
[Result "1-0"]
[White "Nazi Paikidze"]
[Black "Monika Motycakova"]
[WhiteElo "2292"]
[BlackElo "2037"]
[PlyCount "55"]

1. d4 d5 2. c4 c6 3. Nf3 Nf6 4. e3 e6 5. Bd3 Nbd7 6. Nbd2 Bd6
7. O-O O-O 8. e4 e5 9. cxd5 cxd5 10. Re1 dxe4 11. Nxe4 Nxe4
12. Rxe4 f5 13. Bc4+ Kh8 14. Rh4 Be7 15. Rh3 Qe8 16. dxe5 Nb6
17. Bb3 Qg6 18. Rg3 Qc6 19. Bg5 Bc5 20. Bf4 Be6 21. Bxe6 Qxe6
22. Ng5 Qe7 23. Qb3 Rae8 24. Rc1 Bd4 25. Rh3 h6 26. Nf3 Bc5
27. Bg5 Qc7 28. Be3 1-0

[Event "Girls 16-wycc2008"]
[Site "Vung Tau city"]
[Date "2008.10.23"]
[EventDate "2008.10.20"]
[Round "5.3"]
[Result "0-1"]
[White "Ekaterini Pavlidou"]
[Black "Nazi Paikidze"]
[WhiteElo "2139"]
[BlackElo "2292"]
[PlyCount "82"]

1. d4 d5 2. c4 c6 3. Nf3 Nf6 4. Nc3 e6 5. Bg5 h6 6. Bxf6 Qxf6
7. e3 Nd7 8. Rc1 g6 9. a3 Bg7 10. cxd5 exd5 11. b4 Qe7 12. Be2
O-O 13. O-O a5 14. Qb3 b5 15. Bd3 Nb6 16. h3 Be6 17. Ra1 Nc4
18. Rfb1 a4 19. Qc2 Qc7 20. Re1 Rad8 21. Nd2 f5 22. Bxc4 dxc4
23. f4 g5 24. g3 Qf7 25. Qd1 Rxd4 26. exd4 Bxd4+ 27. Kh2 Bxc3
28. Ra2 Bd5 29. Rc2 Bf6 30. Nf3 g4 31. Ng1 h5 32. h4 c3
33. Qd3 Qg7 34. Qxf5 Bxh4 35. Qd3 Bf6 36. Ne2 Bc4 37. Qe3 Qg6
38. Rxc3 Re8 39. Qd2 Qe4 40. Qc1 Bxc3 41. Qxc3 Bd5 0-1

[Event "Girls 16-wycc2008"]
[Site "Vung Tau city"]
[Date "2008.10.24"]
[EventDate "2008.10.20"]
[Round "6.1"]
[Result "1-0"]
[White "Nazi Paikidze"]
[Black "Petra Papp"]
[WhiteElo "2292"]
[BlackElo "2126"]
[PlyCount "49"]

1. e4 c5 2. Nf3 d6 3. d4 cxd4 4. Nxd4 Nf6 5. Nc3 a6 6. Bg5 e6
7. f4 Nbd7 8. Qf3 Qc7 9. O-O-O b5 10. e5 Bb7 11. Qg3 Ne4
12. Nxe4 Bxe4 13. exd6 Bxd6 14. Qe3 Qb7 15. Nxe6 fxe6 16. Rxd6
Nf8 17. Bd3 Bxd3 18. Qxd3 Kf7 19. Qe2 Re8 20. Re1 a5 21. f5 e5
22. Qh5+ g6 23. fxg6+ Nxg6 24. Rf6+ Kg7 25. Qh6+ 1-0

[Event "Girls 16-wycc2008"]
[Site "Vung Tau city"]
[Date "2008.10.26"]
[EventDate "2008.10.20"]
[Round "7.1"]
[Result "0-1"]
[White "Varvara Saulina"]
[Black "Nazi Paikidze"]
[WhiteElo "2258"]
[BlackElo "2292"]
[PlyCount "82"]

1. e4 c5 2. Ne2 d6 3. g3 Nf6 4. Bg2 g6 5. d4 cxd4 6. Nxd4 Bg7
7. Nc3 a6 8. O-O O-O 9. h3 Qc7 10. a4 Nc6 11. Nde2 Ne5 12. Nd5
Nxd5 13. exd5 Bd7 14. Ra2 b5 15. b3 f6 16. a5 Rae8 17. Nd4 Nf7
18. f4 f5 19. Kh2 e5 20. dxe6 Bxe6 21. Nxe6 Rxe6 22. Bd5 Re7
23. c4 b4 24. Re1 Rfe8 25. Rae2 Bf6 26. Rxe7 Rxe7 27. Rxe7
Qxe7 28. Qd3 Kg7 29. Bd2 Qa7 30. Be3 Qc7 31. Bd4 Qe7 32. Qd2
h5 33. Bxf6+ Qxf6 34. Qxb4 Qb2+ 35. Bg2 h4 36. Qb6 hxg3+
37. Kxg3 Qc3+ 38. Kf2 Qd2+ 39. Kf3 g5 40. Qxa6 gxf4 41. Qa7
Kf6 0-1

[Event "Girls 16-wycc2008"]
[Site "Vung Tau city"]
[Date "2008.10.27"]
[EventDate "2008.10.20"]
[Round "8.1"]
[Result "1-0"]
[White "Nazi Paikidze"]
[Black "Klaudia Kulon"]
[WhiteElo "2292"]
[BlackElo "2228"]
[PlyCount "83"]

1. d4 d5 2. c4 e6 3. Nf3 c6 4. e3 Bd6 5. Bd3 f5 6. b3 Nf6
7. O-O Qe7 8. Bb2 O-O 9. Qc1 b6 10. Ba3 Nbd7 11. cxd5 Bxa3
12. Qxa3 Qxa3 13. Nxa3 Nxd5 14. Rac1 Nb4 15. Bb1 b5 16. Nc2
Nd5 17. Nce1 Bb7 18. Nd3 b4 19. Rfe1 a5 20. Nf4 Rae8 21. Bd3
h6 22. Nxd5 exd5 23. Nh4 g5 24. Nxf5 Rf6 25. f3 Bc8 26. e4 Nf8
27. Ne3 dxe4 28. Bxe4 Rd8 29. Bxc6 Rxd4 30. Nd5 Re6 31. Ne7+
Rxe7 32. Rxe7 Be6 33. Ra7 Rd2 34. Rxa5 Ng6 35. Be4 Nf4 36. Rc7
Rd8 37. Ra8 Rxa8 38. Bxa8 Ne2+ 39. Kf2 Nc3 40. Ra7 Bf7 41. Bc6
Kf8 42. a3 1-0

[Event "Girls 16-wycc2008"]
[Site "Vung Tau city"]
[Date "2008.10.28"]
[EventDate "2008.10.20"]
[Round "9.1"]
[Result "0-1"]
[White "Raushan Abylkassymova"]
[Black "Nazi Paikidze"]
[WhiteElo "1834"]
[BlackElo "2292"]
[PlyCount "86"]

1. d4 Nf6 2. Nf3 e6 3. g3 d5 4. Bg2 Be7 5. O-O O-O 6. c4 dxc4
7. Qc2 a6 8. Qxc4 b5 9. Qc2 Bb7 10. Bf4 Bd6 11. Nbd2 Nbd7
12. Rac1 Rc8 13. Nb3 Be4 14. Qd2 Nb6 15. Na5 Nfd5 16. a3 Nxf4
17. gxf4 f6 18. Ne1 f5 19. e3 Qh4 20. f3 Bd5 21. Qf2 Qh5
22. Nd3 Nc4 23. Nxc4 Bxc4 24. Rfd1 Bxd3 25. Rxd3 Rf6 26. h3 h6
27. Kf1 Qe8 28. Qc2 g5 29. fxg5 hxg5 30. Ke2 Qh5 31. Rh1 Qh4
32. Kf1 Rh6 33. Kg1 g4 34. Qf2 Bg3 35. Qe2 gxf3 36. Qxf3 Kh8
37. d5 e5 38. Qxf5 Rg8 39. Qe4 Qe7 40. Qb4 Qf7 41. Qd2 Rf6
42. Qe2 Rf2 43. Qd1 Rxg2+ 0-1

[Event "Girls 16-wycc2008"]
[Site "Vung Tau city"]
[Date "2008.10.29"]
[EventDate "2008.10.20"]
[Round "10.1"]
[Result "1/2-1/2"]
[White "Nazi Paikidze"]
[Black "Jedara Docena"]
[WhiteElo "2292"]
[BlackElo "1978"]
[PlyCount "118"]

1. d4 d5 2. c4 c6 3. Nf3 Nf6 4. e3 a6 5. Nc3 b5 6. cxd5 cxd5
7. Bd3 Bg4 8. h3 Bh5 9. O-O e6 10. a3 Bd6 11. e4 Be7 12. Re1
Bg6 13. e5 Nfd7 14. Bxg6 hxg6 15. Bf4 Nb6 16. a4 b4 17. Ne2
Nc4 18. b3 Na5 19. Qd3 Nbc6 20. Rec1 Kd7 21. Qe3 Rh5 22. Ng3
Rh8 23. Rc2 Qb6 24. Ne2 Rac8 25. Rb2 Rc7 26. Ng5 Bxg5 27. Bxg5
Rhc8 28. Qf4 Rf8 29. Qh4 Rcc8 30. Rd1 Rh8 31. Qg4 Kc7 32. Be3
Kb7 33. Qf4 Rhf8 34. Nc1 Ka7 35. Nd3 Nb7 36. Rc1 Qd8 37. Rbc2
Nba5 38. Nxb4 Qb6 39. Nxc6+ Rxc6 40. Rxc6 Nxc6 41. Rc5 Na5
42. Qg5 Rb8 43. Qe7+ Rb7 44. Qf8 Rc7 45. b4 Nb3 46. Qd6 Kb7
47. b5 Qxd6 48. exd6 Rd7 49. bxa6+ Kxa6 50. Rc8 Kb7 51. Rf8
Kc6 52. Rb8 Rb7 53. Rd8 Rd7 54. Ra8 Kxd6 55. a5 Kc6 56. a6 Na5
57. Bd2 Nc4 58. Bb4 Nb6 59. Rg8 Kb5 1/2-1/2

[Event "World's Youth Stars 2008"]
[Site " Kirishi, Russia"]
[Date "2008.11.24"]
[EventDate "?"]
[Round "8"]
[Result "1-0"]
[White "Yaroslav Zherebukh"]
[Black "Nazi Paikidze"]
[WhiteElo "2473"]
[BlackElo "2292"]
[PlyCount "78"]

1.e4 c5 2.Nf3 d6 3.d4 cxd4 4.Nxd4 Nf6 5.Nc3 a6 6.Be3 e6 7.g4
e5 8.Nf5 h5 9.g5 Nxe4 10.Nxg7+ Bxg7 11.Nxe4 d5 12.Ng3 d4
13.Bd2 Nc6 14.Bc4 Bg4 15.f3 h4 16.fxg4 hxg3 17.Qf3 Qe7 18.Bd5
e4 19.Bxe4 Ne5 20.Qxg3 d3 21.O-O-O Nc4 22.c3 Nxb2 23.Rde1 Qa3
24.Kb1 Na4 25.Bc6+ Kf8 26.Bxa4 Qxa4 27.Qxd3 Qa5 28.Rhf1 Rd8
29.g6 f6 30.Qc4 Qd5 31.Qxd5 Rxd5 32.Bc1 Rb5+ 33.Ka1 Bh6 34.c4
Ra5 35.Rxf6+ Kg7 36.Rb6 Bxc1 37.Re7+ Kg8 38.Rbxb7 Bh6 39.Re8+
Bf8 1-0

[Event "World's Youth Stars 2008"]
[Site " Kirishi, Russia"]
[Date "2008.11.25"]
[EventDate "?"]
[Round "9"]
[Result "1/2-1/2"]
[White "Nazi Paikidze"]
[Black "Ivan Bukavshin"]
[WhiteElo "2292"]
[BlackElo "2376"]
[PlyCount "24"]

1.Nf3 d5 2.d4 c6 3.c4 e6 4.e3 Nf6 5.Bd3 dxc4 6.Bxc4 Nbd7 7.O-O
b5 8.Bd3 Bb7 9.e4 a6 10.a4 Be7 11.Qe2 Rc8 12.Rd1 Qb6 1/2-1/2

[Event "10th European Individual Women's Championship"]
[Site "St Petersburg RUS"]
[Date "2009.03.08"]
[EventDate "2009.03.08"]
[Round "1"]
[Result "1/2-1/2"]
[White "Irina Petrukhina"]
[Black "Nazi Paikidze"]
[WhiteElo "1905"]
[BlackElo "2280"]
[PlyCount "87"]

1. d4 Nf6 2. c4 e6 3. Nc3 Bb4 4. Qc2 O-O 5. e4 d5 6. e5 Ne4
7. Bd3 c5 8. Nge2 Nc6 9. O-O Bxc3 10. bxc3 f5 11. f3 Ng5
12. Ba3 b6 13. h4 Nf7 14. cxd5 exd5 15. Nf4 Qxh4 16. Nxd5 Nxd4
17. Qf2 Qxf2+ 18. Rxf2 Nxe5 19. cxd4 Nxd3 20. Rd2 Nb4 21. dxc5
bxc5 22. Nxb4 cxb4 23. Bxb4 Re8 24. Rc1 a5 25. Bd6 Be6 26. Rc7
Rac8 27. a3 Rxc7 28. Bxc7 Ra8 29. Rd8+ Rxd8 30. Bxd8 a4
31. Kf2 h6 32. f4 Kf7 33. g3 Kg6 34. Be7 Kf7 35. Bd8 Bd5
36. Ke3 Kg6 37. Kd4 Be4 38. Ke3 Kh5 39. Kf2 Kg4 40. Be7 g5
41. fxg5 hxg5 42. Bd6 f4 43. gxf4 gxf4 44. Bc5 1/2-1/2

[Event "European Individual Championships (Women)"]
[Site "Rijeka CRO"]
[Date "2010.03.11"]
[EventDate "2010.03.06"]
[Round "6"]
[Result "1-0"]
[White "Nastassia Ziaziulkina"]
[Black "Nazi Paikidze"]
[WhiteElo "2188"]
[BlackElo "2322"]
[PlyCount "79"]

1. e4 c6 2. Nc3 d5 3. Nf3 Bg4 4. h3 Bxf3 5. Qxf3 e6 6. a3 Nd7
7. d3 g6 8. Be2 Bg7 9. O-O Ne7 10. Qg3 O-O 11. f4 Qc7 12. Kh1
b5 13. Qg5 Bf6 14. Qg3 Bg7 15. Qg5 a5 16. Bd2 Bf6 17. Qg4 b4
18. Nd1 c5 19. h4 Bg7 20. Qg5 f5 21. Qxe7 Rf6 22. e5 Bf8
23. exf6 Bxe7 24. fxe7 Re8 25. Bf3 Nf6 26. axb4 axb4 27. g3
Qxe7 28. Ne3 Qd6 29. Kg2 h5 30. Rfe1 Rc8 31. b3 Rc7 32. Ra4
Ne4 33. Bxe4 dxe4 34. Nxc4 Qc6 35. dxe4 Rd7 36. Kf2 Rd4
37. Raa1 Rxe4 38. Be3 e5 39. Nxe5 Qf6 40. Ra7 1-0

[Event "Wroclaw Chess Festival"]
[Site "Wroclaw POL"]
[Date "2010.06.30"]
[EventDate "2010.06.26"]
[Round "7"]
[Result "1/2-1/2"]
[White "Nazi Paikidze"]
[Black "Vladimir Baklan"]
[WhiteElo "2317"]
[BlackElo "2633"]
[PlyCount "69"]

1. e4 c5 2. Nf3 a6 3. Nc3 b5 4. d4 e6 5. Be2 Bb7 6. d5 Nf6
7. Bg5 b4 8. Nb1 h6 9. Bxf6 Qxf6 10. e5 Qg6 11. c4 Qxg2
12. Rg1 Qh3 13. Qb3 g5 14. Rg3 Qf5 15. Bd3 Qf4 16. Nc3 exd5
17. cxd5 c4 18. Bxc4 bxc3 19. Qxb7 Qxc4 20. b3 Qe4+ 21. Kf1
Be7 22. Qxa8 O-O 23. Qa7 Qxd5 24. Qd4 Qc6 25. Rc1 c2 26. Qc4
Qxc4+ 27. bxc4 Nc6 28. Rxc2 f5 29. exf6 Bd6 30. Rg1 Rxf6
31. Rc3 Kf7 32. Ke2 Bc5 33. Rg4 Kg6 34. Re4 d6 35. h3 1/2-1/2

[Event "Wroclaw Chess Festival"]
[Site "Wroclaw POL"]
[Date "2010.07.01"]
[EventDate "2010.06.26"]
[Round "8"]
[Result "0-1"]
[White "Pavel Simacek"]
[Black "Nazi Paikidze"]
[WhiteElo "2518"]
[BlackElo "2317"]
[PlyCount "162"]

1. e4 c6 2. Nc3 d5 3. Nf3 Bg4 4. h3 Bxf3 5. Qxf3 e6 6. g3 Nd7
7. d4 Qb6 8. Qd3 Bb4 9. exd5 cxd5 10. Bg2 Ne7 11. O-O O-O
12. Ne2 Rac8 13. Be3 Nf5 14. Rac1 Nxe3 15. fxe3 Bd6 16. b3 Qc7
17. c4 dxc4 18. Rxc4 Qb8 19. g4 Rcd8 20. Rc2 Nb6 21. Nc3 Bb4
22. Ne4 Nd5 23. Ng5 g6 24. Rcf2 Rd7 25. Kh1 Qg3 26. Ne4 Qh4
27. Rc2 f5 28. gxf5 Rxf5 29. Nc5 Rxf1+ 30. Bxf1 Rf7 31. Nxe6
Rxf1+ 32. Qxf1 Qe4+ 33. Qg2 Qxe6 34. Qf3 Qf5 35. Rf2 Qxf3+
36. Rxf3 Nc3 37. Rf2 b5 38. Kg2 Be7 39. Kf3 Kf7 40. e4 Ke6
41. Rc2 b4 42. a3 Nb5 43. Rc6+ Kd7 44. Ra6 Nxd4+ 45. Ke3 Nc2+
46. Kd3 Nxa3 47. Rxa7+ Ke6 48. Ra5 Nb1 49. e5 Nc3 50. Kd4 Ne2+
51. Ke4 Ng3+ 52. Kd4 Ne2+ 53. Ke4 Nc1 54. Ra6+ Kf7 55. Kd5
Nxb3 56. e6+ Kf6 57. Ra2 Nc5 58. Rf2+ Kg5 59. Rc2 b3 60. Rxc5
Bxc5 61. Kxc5 b2 62. e7 b1=Q 63. e8=Q Qf5+ 64. Kd4 Qxh3
65. Qe7+ Kh6 66. Qf8+ Kh5 67. Ke4 Qg4+ 68. Ke3 Qe6+ 69. Kf4
Qc4+ 70. Kg3 Qg4+ 71. Kh2 h6 72. Qe8 Qf4+ 73. Kh3 Qf3+ 74. Kh2
Kg5 75. Qe7+ Qf6 76. Qc5+ Kf4 77. Qf2+ Kg5 78. Qc5+ Kg4
79. Qc8+ Qf5 80. Qd8 Qf2+ 81. Kh1 Qh4+ 0-1

[Event "Chigorin Mem Classic Open"]
[Site "St Petersburg RUS"]
[Date "2010.10.29"]
[EventDate "2010.10.28"]
[Round "2"]
[Result "1-0"]
[White "Nazi Paikidze"]
[Black "Vadim Malakhatko"]
[WhiteElo "2376"]
[BlackElo "2578"]
[PlyCount "61"]

1. e4 e6 2. d4 d5 3. Nc3 Nf6 4. e5 Nfd7 5. f4 c5 6. Nf3 Nc6
7. Be3 a6 8. Qd2 b5 9. a3 Bb7 10. g3 Qa5 11. Ra2 Qc7 12. Bg2
g5 13. f5 cxd4 14. fxe6 fxe6 15. Nxd4 Nxd4 16. Bxd4 Rg8
17. O-O Bc5 18. Ne2 Rg6 19. Qe3 Bf8 20. b3 Bg7 21. c4 Nxe5
22. cxd5 Ng4 23. Qd2 Rd8 24. Rc2 Qd7 25. Rfc1 Bxd4+ 26. Qxd4
e5 27. Qb4 a5 28. Qxa5 Bxd5 29. Rc7 Qe6 30. Qxb5+ Kf8 31. Bxd5
1-0

[Event "Chigorin Mem Classic Open"]
[Site "St Petersburg RUS"]
[Date "2010.10.30"]
[EventDate "2010.10.28"]
[Round "3"]
[Result "1/2-1/2"]
[White "Anton Shomoev"]
[Black "Nazi Paikidze"]
[WhiteElo "2536"]
[BlackElo "2376"]
[PlyCount "47"]

1. d4 Nf6 2. c4 e6 3. Nc3 Bb4 4. Qc2 d5 5. cxd5 exd5 6. Bg5 c5
7. dxc5 h6 8. Bh4 g5 9. Bg3 Ne4 10. O-O-O Bxc3 11. f3 Bd2+
12. Rxd2 Nxd2 13. Qxd2 Nc6 14. h4 Rg8 15. hxg5 hxg5 16. e3 Qa5
17. Qxa5 Nxa5 18. Ne2 Nc4 19. Nd4 Nxe3 20. Bb5+ Kf8 21. Rh7
Ke7 22. Bd6+ Kf6 23. g4 Be6 24. Rh6+ 1/2-1/2

[Event "Chigorin Mem Classic Open"]
[Site "St Petersburg RUS"]
[Date "2010.10.31"]
[EventDate "2010.10.28"]
[Round "4"]
[Result "1/2-1/2"]
[White "Nazi Paikidze"]
[Black "Evgeny E Vorobiov"]
[WhiteElo "2376"]
[BlackElo "2565"]
[PlyCount "34"]

1. e4 e6 2. d4 d5 3. Nc3 Nf6 4. e5 Nfd7 5. f4 c5 6. Nf3 Nc6
7. Be3 Be7 8. Qd2 O-O 9. Be2 b6 10. O-O f5 11. dxc5 Nxc5
12. Nb5 Ne4 13. Qd1 Bc5 14. Nbd4 Nxd4 15. Nxd4 Qe8 16. c3 Bd7
17. a4 Rc8 1/2-1/2

[Event "Chigorin Mem Classic Open"]
[Site "St Petersburg RUS"]
[Date "2010.11.01"]
[EventDate "2010.10.28"]
[Round "5"]
[Result "1/2-1/2"]
[White "Dmitry Svetushkin"]
[Black "Nazi Paikidze"]
[WhiteElo "2552"]
[BlackElo "2376"]
[PlyCount "97"]

1. e4 c6 2. d4 d5 3. e5 Bf5 4. Nd2 e6 5. Nb3 Nd7 6. Nf3 a6
7. Be2 c5 8. dxc5 Bxc5 9. Nxc5 Nxc5 10. Nd4 Bg6 11. O-O Ne7
12. Bg5 h6 13. Bh4 Qc7 14. f4 Nf5 15. Nxf5 Bxf5 16. Bf2 Rc8
17. c3 O-O 18. Bd4 Nd7 19. Qd2 f6 20. exf6 Nxf6 21. Rae1 Qd7
22. Bf3 Qa4 23. a3 Qc4 24. Re5 Nd7 25. Re3 Nc5 26. Bxc5 Qxc5
27. Kh1 Qc4 28. Be2 Qc6 29. Re5 Be4 30. Qd4 Rf6 31. Kg1 Rcf8
32. g3 Rf5 33. Bg4 Rxe5 34. Qxe5 Rf6 35. Qd4 Qb5 36. Rf2 Qb3
37. Bh3 Qc4 38. Qxc4 dxc4 39. Re2 Bd5 40. Re5 Kf7 41. Kf2 Ke7
42. Ke3 Kd6 43. Kd4 g6 44. Bg4 b5 45. h4 Bc6 46. Bd1 Be8
47. Bc2 g5 48. hxg5 hxg5 49. fxg5 1/2-1/2

[Event "Chigorin Mem Classic Open"]
[Site "St Petersburg RUS"]
[Date "2010.11.02"]
[EventDate "2010.10.28"]
[Round "6"]
[Result "0-1"]
[White "Nazi Paikidze"]
[Black "Rinat Jumabayev"]
[WhiteElo "2376"]
[BlackElo "2547"]
[PlyCount "70"]

1. e4 e5 2. Nf3 Nc6 3. Bb5 Nf6 4. O-O Nxe4 5. d4 Nd6 6. Bxc6
dxc6 7. dxe5 Nf5 8. Qxd8+ Kxd8 9. Nc3 Ke8 10. h3 b6 11. Re1
Bb4 12. Bd2 h5 13. Rad1 Bxc3 14. Bxc3 c5 15. Re2 Rh6 16. Ng5
Bb7 17. f4 Bc6 18. Kf2 h4 19. Red2 a5 20. Nf3 Rg6 21. b3 Bxf3
22. gxf3 Rg3 23. e6 fxe6 24. Be5 Rxh3 25. Bxc7 Rh2+ 26. Kg1
Rxd2 27. Rxd2 b5 28. Bb6 c4 29. Re2 Kd7 30. Re5 cxb3 31. cxb3
a4 32. Rxb5 axb3 33. axb3 Ra2 34. Ra5 Rb2 35. Ra8 Rxb3 0-1

[Event "Chigorin Mem Classic Open"]
[Site "St Petersburg RUS"]
[Date "2010.11.03"]
[EventDate "2010.10.28"]
[Round "7"]
[Result "1-0"]
[White "Nazi Paikidze"]
[Black "Valery Neverov"]
[WhiteElo "2376"]
[BlackElo "2519"]
[PlyCount "80"]

1. e4 c5 2. Nf3 e6 3. d4 cxd4 4. Nxd4 a6 5. Bd3 Bc5 6. Nb3 Ba7
7. Qe2 d6 8. c4 e5 9. Be3 Ne7 10. Nc3 O-O 11. Bxa7 Rxa7
12. Qe3 b6 13. Nd5 Nd7 14. O-O a5 15. Nd2 Nc5 16. b3 Nxd5
17. exd5 f5 18. f3 g5 19. a3 f4 20. Qe2 g4 21. fxg4 Nxd3
22. Qxd3 Bxg4 23. b4 Bf5 24. Qf3 Qa8 25. Qc3 Rg7 26. Rf2 Rc8
27. Qb2 b5 28. cxb5 Rc2 29. Qb3 a4 30. Qf3 Qa7 31. Qh5 Bg6
32. Qh4 Qb6 33. Kh1 h6 34. Raf1 Bd3 35. Re1 Kh7 36. Rf3 Rxd2
37. Rh3 Qf2 38. Qxh6+ Kg8 39. Qe6+ Rf7 40. Qg4+ Bg6 1-0

[Event "Chigorin Mem Classic Open"]
[Site "St Petersburg RUS"]
[Date "2010.11.04"]
[EventDate "2010.10.28"]
[Round "8"]
[Result "1/2-1/2"]
[White "Kirill Stupak"]
[Black "Nazi Paikidze"]
[WhiteElo "2502"]
[BlackElo "2376"]
[PlyCount "101"]

1. d4 d5 2. Nf3 Nf6 3. c4 c6 4. Nc3 e6 5. g3 dxc4 6. a4 c5
7. dxc5 Qxd1+ 8. Nxd1 Bxc5 9. Ne5 Bb4+ 10. Bd2 Bxd2+ 11. Kxd2
O-O 12. Bg2 Rd8+ 13. Kc2 Nd5 14. Ne3 Nc6 15. N3xc4 Nd4+
16. Kd3 Nc6 17. e4 Nf4+ 18. Kc3 Ne2+ 19. Kc2 Ned4+ 20. Kc3
Nxe5 21. Nxe5 f6 22. Nf3 Nxf3 23. Bxf3 e5 24. Rhd1 Be6 25. b3
g5 26. Be2 Kf7 27. f3 Ke7 28. Bc4 Rac8 29. a5 h5 30. Kb4 g4
31. fxg4 Bxc4 32. bxc4 Rxd1 33. Rxd1 hxg4 34. Kc3 Rc7 35. h4
gxh3 36. Rh1 Ke6 37. Rxh3 Rd7 38. Kb4 Rg7 39. Kb5 Rd7 40. Rh8
Rd1 41. Rb8 Rb1+ 42. Kc5 Kd7 43. g4 Rb2 44. g5 b6+ 45. axb6
axb6+ 46. Rxb6 Rxb6 47. Kxb6 fxg5 48. Kb7 Kd6 49. Kb6 Kd7
50. Kb7 Kd6 51. Kb6 1/2-1/2

[Event "Chigorin Mem Classic Open"]
[Site "St Petersburg RUS"]
[Date "2010.11.05"]
[EventDate "2010.10.28"]
[Round "9"]
[Result "1/2-1/2"]
[White "Nazi Paikidze"]
[Black "Rustam Khusnutdinov"]
[WhiteElo "2376"]
[BlackElo "2524"]
[PlyCount "122"]

1. e4 e5 2. Nf3 Nc6 3. Bb5 a6 4. Ba4 Nf6 5. O-O Be7 6. Re1 b5
7. Bb3 d6 8. c3 O-O 9. h3 Nb8 10. d4 Nbd7 11. Nbd2 Bb7 12. Bc2
Re8 13. Nf1 Bf8 14. Ng3 g6 15. a4 c5 16. d5 c4 17. Bg5 h6
18. Be3 Nc5 19. Qd2 h5 20. Bg5 Be7 21. Ra3 Nh7 22. Bxe7 Qxe7
23. axb5 axb5 24. Rea1 Rab8 25. Qe3 Qf6 26. Ne2 Bc8 27. Nd2
Kg7 28. b3 cxb3 29. Nxb3 Na4 30. Na5 Bd7 31. c4 Nc5 32. cxb5
Bxb5 33. Nc3 Rec8 34. Rb1 Bd7 35. Rxb8 Rxb8 36. Nb3 Nxb3
37. Rxb3 Rc8 38. Bd3 Qd8 39. Ra3 Nf6 40. Ne2 Ra8 41. Rxa8 Qxa8
42. f4 exf4 43. Qxf4 Qa3 44. Qf3 Bc8 45. Kh2 Qc5 46. Qf1 Nd7
47. Qg1 Qa3 48. Bb5 Ne5 49. Qc1 Qb4 50. Qxc8 Qxb5 51. Qc2 Qb4
52. Ng1 Qe1 53. Nf3 Nxf3+ 54. gxf3 h4 55. Qg2 Kf6 56. f4 Kg7
57. Qf3 Qd2+ 58. Kg1 f6 59. Kf1 Kf7 60. f5 Qc1+ 61. Ke2 Qb2+
1/2-1/2

[Event "60th Russian Women's SuperFinal"]
[Site "Moscow RUS"]
[Date "2010.11.16"]
[EventDate "2010.11.16"]
[Round "1"]
[Result "0-1"]
[White "Valentina Gunina"]
[Black "Nazi Paikidze"]
[WhiteElo "2479"]
[BlackElo "2401"]
[PlyCount "98"]

1. d4 d5 2. c4 c6 3. Nc3 Nf6 4. Nf3 e6 5. Bg5 h6 6. Bxf6 Qxf6
7. e3 g6 8. Bd3 Bg7 9. O-O O-O 10. e4 dxe4 11. Nxe4 Qd8
12. Qd2 f5 13. Nc3 g5 14. Kh1 Bxd4 15. Nxd4 Qxd4 16. f4 g4
17. Rad1 Rd8 18. Qe2 Qf6 19. c5 b5 20. Nxb5 cxb5 21. Be4 fxe4
22. Qxe4 Nc6 23. Rxd8+ Qxd8 24. Qg6+ Kf8 25. f5 exf5 26. Qxc6
Bd7 27. Qxh6+ Kf7 28. Qh7+ Kf6 29. Qh6+ Kf7 30. Re1 Rc8
31. Qh7+ Kf6 32. Qh4+ Kf7 33. Qh7+ Kf6 34. b4 Be8 35. Qh8+ Kg5
36. h4+ gxh3 37. Kh2 Bg6 38. Qc3 hxg2 39. Qg3+ Kf6 40. Qc3+
Kf7 41. Qb3+ Kg7 42. Re3 Qd4 43. Kxg2 Qd2+ 44. Kf1 Rh8
45. Qc3+ Qxc3 46. Rxc3 Rc8 47. Kf2 Kf6 48. Rd3 Rc6 49. Kg3 f4+
0-1